Responses for Show #1617 - Tuesday, September 17, 1991

Contestants

[<< previous game]

Chuck Lane, a magazine writer from New York City, New York

Maureen Fernbacher, a school librarian from Allentown, Pennsylvania

Randy Kaplan, a commodities broker from Los Angeles, California (whose 2-day cash winnings total $28,800)

[next game >>]

Jeopardy! Round responses

1950
(Alex: That was a great year.)
CLOTHING
SAINTS
WILD CATS
SLANG
OCCUPATIONAL NAMES
(Alex: Interesting subject.)
    $100 6
Smokey Bear

Randy
    $100 23
a romper

Chuck
    $100 18
Jesus

Randy
    $100 7
(Chuck: What is a panther?)

lion

RandyChuck
    $100 1
milk

Randy
    $100 16
(Maureen: Who is Miller?)

Piper

Maureen
Triple Stumper
    $200 11
Joseph McCarthy

Randy
    $200 24
his head

Randy
    $200 19
St. Peter

Maureen
    $200 8
the leopard

Randy
    $200 2
horses

Randy
    $200 17
(Randy: Let's go to a good Yom Kippur category. Saints for $100.)

Miller

Randy
    $300 12
Brink's

Randy
    $300 25
mukluk

Randy
    $300 20
(Randy: What is Rome?)

(Chuck: What is Geneva?)

Paris

RandyChuck
Triple Stumper
    $300 9
cheetah

Randy
    $300 3
the old one-two

Randy
    $300 28
(Jimmy) Carter

Randy
    $400 13
Connie Mack

Randy
    $2,400 26
(Randy: Could be my first.)

(Alex: I missed your comment, Randy.)

(Randy: I believe this is my first.)

(Alex: Your first Daily Double? And yet you've been winning more than $14,000 a game. Well here's a chance for you to clean up. You've got the lead by $2000 over Chuck right now.)

(...)

(Alex: You don't hit Daily Doubles often, but when you do you make the most of them.)

bib and tucker

Randy
    $400 21
Assisi

Randy
    $400 10
(Maureen: What's the mountain lion?)

(Randy: What is the cougar?)

jaguar

RandyMaureenChuck
    $400 4
the ivories

Randy
    $400 29
Dennis Weaver

Randy
    $500 14
(William) Faulkner

Chuck
    $500 27
a burnous

Maureen
    $500 22
(Alex: Good for $500. You're out of the hole.)

St. Brigid

Maureen
    $500 15
lynx

Triple Stumper
    $500 5
a necktie party

Chuck
    $500 30
(Maureen: What is Carter?)

Wainwright

RandyMaureen

Scores at the first commercial break (after clue 15):

Randy Maureen Chuck
$2,200 -$400 $1,300

Scores at the end of the Jeopardy! Round:

Randy Maureen Chuck
$6,700 $200 $1,100

Double Jeopardy! Round responses

WORLD GEOGRAPHY
SCIENCE FICTION
SCULPTURE
RULERS
COMPOSERS
ANNUAL EVENTS
    $200 4
(Maureen: What is Finland?)

Helsinki

RandyMaureen
    $200 9
The Rolling Stones

Randy
    $200 16
Picasso

Randy
    $200 1
Scotland

Maureen
    $200 30
Schumann & Schubert

Chuck
    $200 21
Wisconsin

Randy
    $400 7
Venezuela

Maureen
    $400 10
Jules Verne

Randy
    $400 17
The Little Mermaid

Randy
    $400 2
France

Randy
    $400 29
(Chuck: What is Spain?)
(Maureen: What is Mexico?)

Brazil

MaureenChuck
Triple Stumper
    $400 22
Vermont

Randy
    $600 8
South Africa

Randy
    $600 11
William Shatner

Maureen
    $2,400 18
Henry Moore

Randy
    $600 3
(Randy: Uh, who is Kublai Khan?)

Tamerlane (Timur the Lame)

RandyChuck
    $600 26
Stravinsky

Maureen
    $600 23
Minnesota

Chuck
    $800 12
Honshu

Chuck
    $800 14
The Martian Chronicles

Randy
    $800 19
The Minuteman

Chuck
    $800 5
Frederick the Great

Randy
    $1,700 27
Edvard Grieg

Maureen
    $800 24
Colorado

Chuck
    $1000 13
Jordan

Randy
    $1000 15
Kurt Vonnegut

Randy
    $1000 20
Bartholdi

Randy
    $1000 6
Suleiman (the Magnificent)

Randy
    $1000 28
Claude Debussy

Triple Stumper
    $1000 25
(Alex: That's right and we have less than a minute to go.)

Nauvoo

Randy

Scores at the end of the Double Jeopardy! Round:

Randy Maureen Chuck
$18,100 $3,100 $4,500
(lock game)

[wagering suggestions for these scores]

Final Jeopardy! Round responses

FAMOUS MOVIE PAIRS
MaureenWhat are Pat and Mike?
$3,099
ChuckWhat is ???
$1,701
RandyWhat is "Pat & Mike"?
$2,900
Pat and Mike

Final scores:

Randy Maureen Chuck
$21,000 $6,199 $2,799
3-day champion: $49,800 2nd place: a trip on Delta to Phoenix, Arizona & stay at the Phoenician + Jeopardy! home game or Jeopardy! Challenger 3rd place: Oneida Silversmith gift certificate + Jeopardy! home game or Jeopardy! Challenger

Game dynamics:

Coryat scores:

Randy Maureen Chuck
$14,300 $2,200 $4,500
37 R
(including 2 DDs),
3 W
8 R
(including 1 DD),
5 W
10 R,
3 W

Combined Coryat: $21,000

[game clues] [game scores] [suggest correction]

Game tape date: 1991-08-12
The J! Archive is created by fans, for fans. Scraping, republication, monetization, and malicious use prohibited; this site may use cookies and collect identifying information. See terms. The Jeopardy! game show and all elements thereof, including but not limited to copyright and trademark thereto, are the property of Jeopardy Productions, Inc. and are protected under law. This website is not affiliated with, sponsored by, or operated by Jeopardy Productions, Inc. Join the discussion at JBoard.tv.